Élimination par catégories - Dresseur Pokémon - Statistiques

Statistiques générales
  • Ce quiz a été pris 15 fois
  • Le résultat moyen est 13 sur 20
Statistiques - réponses
Hint Réponse % Correct
Personnage
100%
100%
100%
100%
100%
100%
100%
92%
92%
77%
77%
69%
54%
54%
38%
Aloe
38%
15%
Pectorius
15%
Terry
15%
Alistair
8%
Aucun quiz correspondant
Distribution des résultats
% des personnes avec chaque résultat
Percentile par nombre de réponses
Votre historique - résultats
Vous n’avez pas pris ce quiz